Personnalités par ville de naissance - Click quiz - Statistiques

Statistiques générales
  • Ce quiz a été pris 53 fois
  • Le résultat moyen est 12 sur 30
Statistiques - réponses
Hint Réponse % Correct
Marie Skłodowska-Curie Varsovie
78%
Napoléon Ier Ajaccio
75%
Joséphine Baker Saint-Louis (États-Unis)
73%
Jeanne d'Arc Domrémy-la-Pucelle
70%
Marcel Pagnol Aubagne
68%
Dalida Le Caire
68%
Catherine de Médicis Florence
60%
Claude Nougaro Toulouse
58%
Albert Camus Dréan (Algérie)
55%
Charles de Gaulle Lille
55%
Jules Verne Nantes
55%
Arthur Rimbaud Charleville-Mézières
50%
Montaigne Bordeaux
48%
Antoine de Saint-Exupéry Lyon
48%
Victor Hugo Besançon
38%
Louis Pasteur Dole
38%
François-René de Chateaubriand Saint-Malo
38%
Émile Zola Paris
35%
Jean Jaurès Castres
30%
Marguerite Duras Gia Định
30%
Simone Veil Nice
30%
Charlotte Gainsbourg Londres
18%
Berthe Morisot Bourges
15%
Aliénor d'Aquitaine Poitiers
15%
Auguste Renoir Limoges
13%
Gustave Doré Strasbourg
13%
Hyacinthe Rigaud Perpignan
10%
Louise Weiss Arras
8%
Paul Verlaine Metz
8%
Auguste et Louis Lumière Besançon
5%
Aucun quiz correspondant
Distribution des résultats
% des personnes avec chaque résultat
Percentile par nombre de réponses
Votre historique - résultats
Vous n’avez pas pris ce quiz